<?xml version="1.0" encoding="UTF-8"?>
<marc:record xmlns:marc="http://www.loc.gov/MARC21/slim">
   <marc:leader>00000nam a2200000 a 4500</marc:leader>
   <marc:datafield ind1="1" ind2=" " tag="100">
      <marc:subfield code="a">Lucas, Lilly</marc:subfield>
      <marc:subfield code="4">aut</marc:subfield>
      <marc:subfield code="e">Verfasser/-in</marc:subfield>
   </marc:datafield>
   <marc:datafield ind1=" " ind2=" " tag="653">
      <marc:subfield code="a">*** Enemies to Lovers</marc:subfield>
   </marc:datafield>
   <marc:datafield ind1="0" ind2="0" tag="245">
      <marc:subfield code="a">This could be forever</marc:subfield>
   </marc:datafield>
   <marc:datafield ind1="0" ind2="0" tag="245">
      <marc:subfield code="c">Lucas, Lilly</marc:subfield>
   </marc:datafield>
   <marc:datafield ind1=" " ind2="1" tag="264">
      <marc:subfield code="a">München</marc:subfield>
      <marc:subfield code="b">Knaur Taschenbuch</marc:subfield>
      <marc:subfield code="c">2025</marc:subfield>
   </marc:datafield>
   <marc:datafield ind1="1" ind2=" " tag="490">
      <marc:subfield code="a">Hawaii Love</marc:subfield>
      <marc:subfield code="v">3</marc:subfield>
   </marc:datafield>
   <marc:datafield ind1=" " ind2=" " tag="250">
      <marc:subfield code="a">1. Auflage</marc:subfield>
   </marc:datafield>
   <marc:datafield ind1="1" ind2=" " tag="520">
      <marc:subfield code="a">Wunderschöne cozy Romance voll unerwartetem Herzklopfen und dritter Roman innerhalb der New-Adult-Trilogie »Hawaii Love« von Bestseller-Autorin Lilly Lucas, auch unabhängig lesbar.&#xD;
&#xD;
*** MIT FARBSCHNITT UND CHARAKTER-AUFSTELLER EXKLUSIV NUR IN DER ERSTEN AUFLAGE *** &#xD;
&#xD;
Er ist Big Wave Surfer und ihr Ex. Sie wollte ihn nie wiedersehen. Aber jetzt soll sie einen Film über ihn drehen.&#xD;
&#xD;
Millie kann ihr Glück kaum fassen, als sie ihren ersten Job als Regisseurin ergattert. Aber ihre Euphorie hält nur kurz an, denn im Mittelpunkt der geplanten Netflix-Doku steht ausgerechnet Griffin »Chip« Chipman – Shootingstar der Surfszene und Millies erste große Liebe. Sie hat ihn nicht mehr gesehen, seit ein tödlicher Surfunfall ihrer beider Leben erschütterte und sie ihre Heimat Hawaii verließ. Als Millie Chip nun wiederbegegnet, wird sie von einer Welle an Gefühlen und Erinnerungen überrollt …</marc:subfield>
   </marc:datafield>
   <marc:datafield ind1=" " ind2=" " tag="020">
      <marc:subfield code="a">9783426530917</marc:subfield>
      <marc:subfield code="9">9783426530917</marc:subfield>
   </marc:datafield>
   <marc:datafield ind1=" " ind2=" " tag="020">
      <marc:subfield code="a">3426530910</marc:subfield>
      <marc:subfield code="9">3426530910</marc:subfield>
   </marc:datafield>
   <marc:datafield ind1=" " ind2=" " tag="041">
      <marc:subfield code="a">ger</marc:subfield>
   </marc:datafield>
   <marc:datafield ind1="0" ind2=" " tag="490">
      <marc:subfield code="v">3</marc:subfield>
   </marc:datafield>
   <marc:datafield ind1=" " ind2=" " tag="338">
      <marc:subfield code="a">Band</marc:subfield>
   </marc:datafield>
   <marc:datafield ind1=" " ind2=" " tag="300">
      <marc:subfield code="a">1 Aufsteller</marc:subfield>
   </marc:datafield>
</marc:record>
